000 00773nam a2200217Ii 4500
003 JO-AjNU
008 230605s9999||||xx |||||||||||||| ||und||
017 _a1993/4218
020 _a977-01-3350-7
040 _aJO-AjNU
_bara
_erda
_cJO-AjNU
041 _aara
050 1 4 _aPJ7521 1993
100 3 _aراغب، نبيل,
_eauthor
_936251
245 0 0 _aعزف على أوتار مشدودة دراسة في شعر سعاد الصباح
264 3 1 _aالقاهرة: الهيئة المصرية العامة للكتاب، 1993
300 _a362ص
336 _atext
_btxt
_2rdacontent
337 _aunmediated
_bn
_2rdamedia
338 _avolume
_bnc
_2rdacarrier
650 4 _aعزف على اوتار مشدودة-دراسة في شعر سعاد الصباح
_936252
999 _aA15044
_c18612
_d18612